Las ideas actuales en pedagogía

Shranjeno v:
Bibliografske podrobnosti
Glavni avtor: Gilbert, Roger (Author)
Format: Knjiga
Jezik:španščina
Izdano: Ciudad de México Grijalbo 1985
Serija:Colección Pedagógica
Teme:
Oznake: Označite
Brez oznak, prvi označite!

MARC

LEADER 00000nam a2200000 a 4500
001 UCX9165
003 CL-VaPUC
008 940519e19850000MX |||||||||||||||||spa|d
082 0 4 |a 370.1  |b GIL  |2 21 
100 |a Gilbert, Roger  |e author  |9 549984 
245 1 4 |a Las ideas actuales en pedagogía 
300 |a 248 p 
942 |c BK 
945 |d 19940519 00:00:00  |a rbrito 
260 |a Ciudad de México  |b Grijalbo  |c 1985 
650 0 |a Filosofía de la educación   |9 258384 
583 |a last modification  |c 19940519 00:00:00  |k Rodrigo Vera 
490 0 |a Colección Pedagógica 
999 |c 228481  |d 228479 
952 |0 0  |1 0  |4 0  |6 370_100000000000000_GIL_1985  |7 0  |8 A  |9 228605  |a BIBEDU  |b BIBEDU  |d 2019-11-15  |i 2978598  |o 370.1 GIL 1985  |p 2978598  |r 2019-11-15  |w 2019-11-15  |y BK  |k EDU